[Event "SRB-ch sf"]
[Site "Novi Banovci"]
[Date "2020.03.01"]
[Round "9"]
[White "Djenic, Teodor"]
[Black "Kovacevic, Dragan"]
[Result "0-1"]
[WhiteElo "1759"]
[BlackElo "2230"]
[PlyCount "106"]
[EventDate "2020.02.24"]
[EventType "swiss"]
[EventRounds "9"]
[EventCountry "SRB"]
[SourceTitle "EXT 2021"]
[Source "ChessBase"]
[SourceDate "2020.10.23"]
[SourceVersion "1"]
[SourceVersionDate "2020.10.23"]
[SourceQuality "1"]

1. Nc3 c6 2. Nf3 b5 3. e4 b4 4. Ne2 Nf6 5. Ng3 g6 6. d4 Bg7 7. Be3 a5 8. Qd2 h5 9. Bg5 d5 10. Bd3 dxe4 11. Nxe4 Be6 12. Nc5 Bd5 13. Be2 Nbd7 14. Nxd7 Qxd7 15. Be3 Ne4 16. Qd3 Nd6 17. 0-0 0-0 18. c3 Qb7 19. Nd2 Rfd8 20. c4 Be6 21. Qc2 Nf5 22. Nf3 Nxd4 23. Nxd4 Bxd4 24. Bh6 Bf5 25. Qc1 Qc7 26. Bf4 Qb6 27. Be3 Qc5 28. Rd1 Bxe3 29. Rxd8+ Rxd8 30. Qxe3 Qxe3 31. fxe3 Rd2 32. Bf3 c5 33. e4 Bg4 34. b3 Bxf3 35. gxf3 h4 36. h3 Kg7 37. a3 Rd3 38. axb4 axb4 39. Kf2 Kf6 40. Ra5 Ke5 41. Rxc5+ Kf4 42. Rc7 Rxf3+ 43. Kg2 Rg3+ 44. Kh2 Rxb3 45. Rxe7 Rb2+ 46. Kg1 b3 47. Rxf7+ Kxe4 48. Rb7 Kd4 49. Rb6 Kxc4 50. Rc6+ Kb5 51. Rc8 Rc2 52. Rb8+ Kc4 53. Rc8+ Kd5 0-1

[Event "SRB-ch sf"]
[Site "Novi Banovci"]
[Date "2020.02.24"]
[Round "1"]
[White "Djenic, Teodor"]
[Black "Damjanovic, Vuk"]
[Result "0-1"]
[WhiteElo "1759"]
[BlackElo "2255"]
[PlyCount "64"]
[EventDate "2020.02.24"]
[EventType "swiss"]
[EventRounds "9"]
[EventCountry "SRB"]
[SourceTitle "CBM 195 Extra"]
[Source "ChessBase"]
[SourceDate "2020.05.31"]
[SourceVersion "1"]
[SourceVersionDate "2020.05.31"]
[SourceQuality "1"]

1. Nc3 d5 2. e4 d4 3. Nce2 c5 4. Nf3 Nf6 5. Ng3 h5 6. Bb5+ Bd7 7. Bxd7+ Qxd7 8. d3 h4 9. Ne2 h3 10. g3 Nc6 11. Bf4 Ng4 12. c3 e5 13. Bg5 f6 14. Bc1 dxc3 15. bxc3 0-0-0 16. 0-0 Qxd3 17. Qxd3 Rxd3 18. Nh4 Ne7 19. Ba3 g5 20. Nf5 Nxf5 21. exf5 Nh6 22. Rfd1 c4 23. Bxf8 Rxf8 24. Kf1 Nxf5 25. Ke1 Rfd8 26. Rxd3 cxd3 27. Ng1 g4 28. f3 d2+ 29. Ke2 Ne3 30. Kxe3 d1Q 31. Rxd1 Rxd1 32. Ne2 Rh1 0-1

[Event "SRB-chT3 West CS"]
[Site "Serbia"]
[Date "2017.10.14"]
[Round "9.4"]
[White "Urosevic, Miroljub"]
[Black "Djenic, Teodor"]
[Result "1-0"]
[WhiteElo "2088"]
[BlackElo "1756"]
[PlyCount "57"]
[EventDate "2017.09.03"]
[EventType "team-tourn"]
[EventRounds "11"]
[EventCountry "SRB"]
[SourceTitle "EXT 2021"]
[Source "ChessBase"]
[SourceDate "2020.10.23"]
[SourceVersion "1"]
[SourceVersionDate "2020.10.23"]
[SourceQuality "1"]

1. d4 d5 2. Nf3 c5 3. c4 dxc4 4. d5 e6 5. e4 exd5 6. exd5 b5 7. a4 b4 8. Bxc4 Be7 9. 0-0 Nf6 10. Bf4 Ne4 11. Re1 Nd6 12. Bb5+ Kf8 13. Ne5 Bb7 14. Bc6 f6 15. Bxb7 Nxb7 16. Nc4 Nd6 17. Nbd2 Kf7 18. Qe2 Nf5 19. d6 Nd4 20. Qxe7+ Qxe7 21. dxe7 Nc2 22. Nd6+ Kg6 23. e8Q+ Rxe8 24. Nxe8 Nxa1 25. Nc7 Nc2 26. Re8 Kf7 27. Rc8 Nd4 28. Be3 Ndc6 29. Rh8 1-0